[Event "Sarospatak op"]
[Site "Sarospatak"]
[Date "1994.??.??"]
[Round "?"]
[White "Izsak, Gyula"]
[Black "Dancs, Zsolt"]
[Result "1-0"]
[WhiteElo "2365"]
[BlackElo "2190"]

1.d4 Nf6 2.c4 g6 3.Nf3 Bg7 4.g3 O-O 5.Bg2 d6 6.Nc3 c6 7.O-O Nbd7 8.e4 e5
9.h3 exd4 10.Nxd4 Nc5 11.Nb3 Be6 12.Qe2 Nxb3 13.axb3 Re8 14.Rd1 Qe7 15.Bf4 Red8
16.Rd2 Rd7 17.Rad1 Rad8 18.Be3 b6 19.f4 Ne8 20.Kh2 Rc8 21.Bf2 Rcc7 22.Qf3 f6
23.g4 Qd8 24.Bg3 Rf7 25.Qe2 Rfd7 26.Bf3 Bf7 27.Qg2 Qc8 28.h4 h6 29.Qe2 Qd8
30.Rd3 Re7 31.Qd2 Red7 32.e5 fxe5 33.fxe5 Rc8 34.exd6 Kh7 35.Kg2 Bf6 36.Bf2 Bg7
37.Ne4 Be6 38.Re1 Bg8 39.g5  1-0

[Event "Sarospatak op"]
[Site "Sarospatak"]
[Date "1994.??.??"]
[Round "?"]
[White "Foldi, Istvan"]
[Black "Forgacs, Attila"]
[Result "1-0"]
[WhiteElo "2350"]
[BlackElo "2170"]

1.d4 Nf6 2.c4 g6 3.Nf3 Bg7 4.g3 O-O 5.Bg2 d6 6.O-O Nbd7 7.Nc3 e5 8.h3 c6
9.e4 Qb6 10.d5 cxd5 11.cxd5 Nc5 12.Qe2 Bd7 13.Be3 Rfc8 14.Rfc1 a5 15.Nd2 Qa6
16.Qxa6 Nxa6 17.Bf1 Nc5 18.f3 Ne8 19.Nc4 Ra6 20.Na3 Raa8 21.Ncb5 f5 22.Nxd6 Nxd6
23.Bxc5 Bf8 24.exf5 Nxf5 25.Bf2 Nd4 26.Kg2 Bg7 27.Bd3 Nxf3 28.Kxf3 e4+ 29.Bxe4 Bxb2
30.Rxc8+ Rxc8 31.Rb1 Bxa3 32.Rxb7 Bxh3 33.Bd4 Rf8+ 34.Ke2 Re8 35.Rb3  1-0

[Event "Schwaebisch Gmuend op"]
[Site "Schwaebisch Gmuend"]
[Date "1994.??.??"]
[Round "7"]
[White "Jurek, Josef"]
[Black "Kupreichik, Viktor D"]
[Result "0-1"]
[WhiteElo "2280"]
[BlackElo "2515"]

1.Nf3 Nf6 2.c4 g6 3.g3 Bg7 4.Bg2 d6 5.d4 O-O 6.Nc3 Nc6 7.O-O e5 8.d5 Ne7
9.c5 Ne8 10.cxd6 cxd6 11.a4 f5 12.a5 Kh8 13.Qa4 e4 14.Ng5 Nc7 15.f3 h6 16.Ne6 Nxe6
17.dxe6 d5 18.fxe4 dxe4 19.Rd1 Qc7 20.Bf4 Qc6 21.Qa3 Qxe6 22.Bd6 Rf7 23.Nb5 Nd5
24.Qc5 a6 25.Nd4 Bxd4+ 26.Qxd4+ Nf6 27.Be5 Kh7 28.Rac1 Ng4 29.Bf4 Bd7 30.Rc7 Bb5
31.Qd6 Qxd6 32.Rxf7+ Kg8 33.Rxd6 Kxf7 34.h3 Nf6 35.Bxh6 Ke7 36.Rb6 Bc6 37.Bg5 Rd8
38.g4 Ke6 39.Kf2 Rd5 40.Bxf6 Kxf6 41.b4 Ke5 42.gxf5 gxf5 43.e3 Rd2+ 44.Kf1 f4
45.exf4+ Kxf4 46.b5 Bxb5+ 47.Kg1 Rd1+ 48.Kh2 e3  0-1

[Event "Sevilla op"]
[Site "Sevilla"]
[Date "1994.??.??"]
[Round "4"]
[White "Izeta Txabarri, Felix"]
[Black "Hernandez, Gilberto"]
[Result "1-0"]
[WhiteElo "2460"]
[BlackElo "2485"]

1.d4 Nf6 2.Nf3 g6 3.c4 Bg7 4.g3 O-O 5.Bg2 d6 6.O-O Nbd7 7.Nc3 e5 8.e4 c6
9.h3 Qb6 10.c5 dxc5 11.dxe5 Ne8 12.e6 fxe6 13.Ng5 Ne5 14.f4 Nf7 15.Nxf7 Bd4+
16.Kh2 Rxf7 17.e5 Nc7 18.Ne4 Nd5 19.a4 a5 20.Ra3 Qd8 21.Raf3 b6 22.g4 Ba6
23.Re1 Qc7 24.Nd6 Rd7 25.Kh1 Rf8 26.f5 exf5 27.gxf5 Bxe5 28.Rxe5 Rxd6 29.fxg6 Rxg6
30.Rxf8+ Kxf8 31.Rf5+ Rf6 32.Bh6+ Ke8 33.Qf3 Rxh6 34.Rf8+ Kd7 35.Qf5+ Re6
36.Bxd5 cxd5 37.Rf7+ Kd6 38.Qf4+  1-0

[Event "Sevilla op"]
[Site "Sevilla"]
[Date "1994.??.??"]
[Round "7"]
[White "Antunes, Antonio"]
[Black "Damljanovic, Branko"]
[Result "1-0"]
[WhiteElo "2465"]
[BlackElo "2560"]

1.Nf3 g6 2.c4 Bg7 3.d4 Nf6 4.g3 O-O 5.Bg2 d6 6.O-O c6 7.Nc3 Qa5 8.h3 Be6
9.Nd2 d5 10.Nb3 Qd8 11.cxd5 cxd5 12.Nc5 Bc8 13.Bg5 Nc6 14.Qd2 e6 15.Rfd1 b6
16.Nd3 Bb7 17.Ne5 Ne7 18.Rac1 Ne8 19.Bh6 Bxh6 20.Qxh6 f6 21.Nd3 Nf5 22.Qd2 Ned6
23.b3 Qe7 24.e3 g5 25.Re1 Rfd8 26.Kh2 Ne4 27.Nxe4 dxe4 28.Nb4 Qd6 29.Red1 a5
30.Nc2 h5 31.Kg1 Bd5 32.Ne1 h4 33.g4 Ne7 34.f3 exf3 35.Nxf3 Qg3 36.Qf2 Qxf2+
37.Kxf2 Rac8 38.Bf1 Rxc1 39.Rxc1 Rc8 40.Rxc8+ Nxc8 41.Nd2 Nd6 42.Bd3 b5 43.e4 Bc6
44.e5 fxe5 45.dxe5 Nf7 46.Be4 Nxe5 47.Bxc6 Nxc6 48.Ne4 a4 49.bxa4 bxa4 50.Nxg5 Nb4
51.a3 Nc2 52.Nxe6 Nxa3 53.Nc5 Nc4 54.Nxa4 Ne5 55.Ke3 Kf7 56.Kf4 Kf6 57.g5+ Ke6
58.Nc5+ Kd5 59.Kf5 Nc6 60.Nd3 Kd4 61.Nf4 Ke3 62.g6 Ne7+ 63.Kf6 Ng8+ 64.Kg5 Kf3
65.Nh5  1-0

[Event "SLO-ch U20"]
[Site "?"]
[Date "1994.??.??"]
[Round "?"]
[White "Hribar, A."]
[Black "Pinter, Andrej"]
[Result "0-1"]
[WhiteElo "1705"]
[BlackElo "2060"]

1.d4 Nf6 2.g3 g6 3.Bg2 Bg7 4.c4 d6 5.Nf3 O-O 6.O-O Nbd7 7.Nc3 c6 8.e4 e5
9.dxe5 Nxe5 10.Nxe5 dxe5 11.Qc2 Bg4 12.Be3 Qc8 13.f3 Be6 14.b3 Nd7 15.Rae1 Re8
16.Kh1 Nf8 17.Rf2 Bh3 18.f4 Bxg2+ 19.Kxg2 Ne6 20.f5 Nd4 21.Qb1 f6 22.fxg6 hxg6
23.Qc1 Qe6 24.Ref1 Kh7 25.Qe1 Rh8 26.h3 Rad8 27.g4 b6 28.Kg3 Kg8 29.Rh2 f5
30.gxf5 gxf5 31.exf5 Nxf5+ 32.Kg2 Rd3 33.Bd2 Nh4+ 34.Kg1 Nf3+ 35.Rxf3 Rxf3
36.h4 Qg4+ 37.Rg2 Qd4+  0-1

[Event "Wch U26"]
[Site "Sofia"]
[Date "1994.??.??"]
[Round "1"]
[White "Khurtsidze, Nino"]
[Black "Lumongdong, Lisa Karlina"]
[Result "1/2-1/2"]
[WhiteElo "2295"]
[BlackElo "2090"]

1.d4 Nf6 2.Nf3 g6 3.g3 Bg7 4.c4 O-O 5.Bg2 d6 6.Nc3 Nbd7 7.O-O e5 8.Qc2 c6
9.Rd1 Re8 10.b3 exd4 11.Nxd4 Qe7 12.Bf4 Ne5 13.Rac1 Nh5 14.Qd2 Nxf4 15.gxf4 Ng4
16.h3 Nh6 17.Nf3 Nf5 18.e3 Bf8 19.Kh2 h6 20.Ne2 Nh4 21.Nxh4 Qxh4 22.Nd4 Bd7
23.Nf3 Qh5 24.c5 d5 25.Nd4 Bg7 26.Qe2 Qh4 27.Qf3 Kh7 28.b4 Qf6 29.Rd2  1/2-1/2

[Event "Wch U26"]
[Site "Sofia"]
[Date "1994.??.??"]
[Round "2"]
[White "Mastrokoukos, Georgios"]
[Black "Maes, Wim"]
[Result "1-0"]
[WhiteElo "2390"]
[BlackElo "2245"]

1.d4 Nf6 2.c4 g6 3.Nf3 Bg7 4.g3 O-O 5.Bg2 d6 6.O-O Nbd7 7.Qc2 c5 8.Nc3 a6
9.b3 Rb8 10.a4 b6 11.Bb2 Bb7 12.d5 b5 13.axb5 axb5 14.e4 bxc4 15.bxc4 Ba8
16.Nb5 Bh6 17.e5 Ne8 18.Bh3 Bxd5 19.cxd5 Rxb5 20.e6 Ndf6 21.exf7+ Rxf7 22.Be6 Nc7
23.Bxf7+ Kxf7 24.Bxf6 exf6 25.Rfe1 Bf8 26.Qe2 Qb8 27.h4 Qb7 28.Rad1 Rb2 29.Qe3 Rb3
30.Qf4 Kg7 31.h5 Nxd5 32.h6+ Kg8 33.Qg4 f5 34.Qc4 Rxf3 35.Rxd5 Qf7 36.Re8 Qxe8
37.Rxf5+ Qf7 38.Qxf7+  1-0

[Event "Wch U26"]
[Site "Sofia"]
[Date "1994.??.??"]
[Round "5"]
[White "Khurtsidze, Nino"]
[Black "Batceceg, Cagaan"]
[Result "1/2-1/2"]
[WhiteElo "2295"]
[BlackElo "2200"]

1.d4 Nf6 2.Nf3 g6 3.c4 Bg7 4.g3 d6 5.Bg2 O-O 6.Nc3 Nbd7 7.O-O c6 8.Qc2 e5
9.b3 Re8 10.Rd1 Qb6 11.dxe5 dxe5 12.Be3 Qa5 13.h3 Nc5 14.a3 Bf5 15.Qb2 Nce4
16.b4 Qc7 17.g4 Nxc3 18.Qxc3 Be4 19.Qb3 h5 20.g5 Nd7 21.Ra2 Nf8 22.Bc5 Rad8
23.Rad2 Bxf3 24.Qxf3 Ne6 25.Rxd8 Rxd8 26.Rxd8+ Qxd8 27.Bxa7 Qd1+ 28.Bf1 Qc1
29.b5 Qxc4 30.bxc6 bxc6 31.Qd3 Qa4 32.Be3 Bf8 33.Bg2 Bxa3 34.Bxc6 Qxc6 35.Qxa3 Qc2
36.Qa8+ Kg7 37.Qf3 Qf5 38.Kg2 Kh7 39.Kg3 Ng7 40.Qd5 Ne6 41.Qf3 Kg7 42.Kg2 Kg8
43.Qa8+ Kh7 44.Qf3 Kg7 45.Kg3 Qb1 46.Kg2 Qb5 47.Qe4 Nc7 48.Bd2 Qd5 49.Qxd5 Nxd5
50.e4 Nb6 51.Bc3 Nd7 52.f4 f6 53.gxf6+ Kxf6 54.h4 Ke6 55.Bxe5 Nc5 56.Kf3 Nd3
57.Bc3 Nc5 58.Ke3 Nd7 59.Bd4 Nb8 60.Kd3 Nc6 61.Kc4 Nd8 62.Bc5 Nf7 63.Bf8 Nd8
64.Kc5 Kf7 65.Bh6 Ke6 66.Kb6 Kd6 67.Bf8+ Kd7 68.Bg7 Kd6 69.Be5+ Ke6 70.Bc7 Nf7
71.Kc6 Nh6 72.Bb6 Ng4 73.Bd4 Nh2 74.Kc7 Nf3 75.Bf2 Nd2  1/2-1/2

[Event "St Affrique op"]
[Site "St Affrique"]
[Date "1994.??.??"]
[Round "?"]
[White "Lavabre, Fabien"]
[Black "Toulzac, Pierre Yves"]
[Result "1/2-1/2"]
[WhiteElo "1730"]
[BlackElo "2265"]

1.d4 Nf6 2.Nf3 g6 3.c4 Bg7 4.g3 O-O 5.Bg2 d6 6.O-O Nbd7 7.Nc3 e5 8.e4 exd4
9.Nxd4 Re8 10.h3 a6 11.Re1 Rb8 12.Rb1 c5 13.Nf3 b5 14.Qxd6 b4 15.Nd5 Nxe4
16.Qc7 Bb7 17.Qxd8 Rbxd8 18.Ng5 Bxd5 19.cxd5 Nd6 20.Bf4 Nb5 21.Ne4 f5 22.Nd6 Nxd6
23.Bxd6 Rxe1+ 24.Rxe1 Bxb2 25.Bc7 Rf8 26.Bf1 Kf7  1/2-1/2

[Event "St Ingbert op"]
[Site "St Ingbert"]
[Date "1994.??.??"]
[Round "3"]
[White "Falk, Ulrich"]
[Black "Pirrot, Dieter"]
[Result "1-0"]
[WhiteElo "2225"]
[BlackElo "2395"]

1.d4 Nf6 2.Nf3 g6 3.c4 Bg7 4.g3 O-O 5.Bg2 d6 6.O-O Nc6 7.Nc3 a6 8.h3 Rb8
9.e4 b5 10.e5 Nd7 11.e6 fxe6 12.d5 exd5 13.cxd5 Na5 14.Nd4 Ne5 15.f4 c5 16.dxc6 Nexc6
17.Nxc6 Nxc6 18.Be3 Bb7 19.Ne4 Na5 20.Ng5 Bxg2 21.Kxg2 Bxb2 22.Qd5+ Kh8 23.Ne6 Qc8
24.Nxf8 Qxf8 25.Bd4+ Bxd4 26.Qxd4+ Qg7 27.Qxg7+ Kxg7 28.Rfc1 Nc4 29.a4 d5
30.axb5 axb5 31.Ra7 Kf6 32.Re1 e6 33.g4 h6 34.h4 g5 35.Rh7 Kg6 36.Re7 e5
37.fxe5 gxh4 38.Ra1 b4 39.Ra6+ Kg5 40.Rf6 Ne3+ 41.Kf3  1-0

[Event "St Petersburg op"]
[Site "St Petersburg"]
[Date "1994.??.??"]
[Round "2"]
[White "Kharitonov, Andrei Y"]
[Black "Yuneev, Alexey"]
[Result "1-0"]
[WhiteElo "2535"]
[BlackElo "2390"]

1.d4 Nf6 2.Nf3 g6 3.c4 Bg7 4.g3 O-O 5.Bg2 d6 6.O-O Nbd7 7.Qc2 e5 8.Rd1 Re8
9.Nc3 e4 10.Ng5 e3 11.fxe3 Nf8 12.e4 Qe7 13.e3 Bh6 14.Nf3 c6 15.Re1 N8d7
16.Nd2 Ng4 17.Nf1 Nf8 18.b3 Ne6 19.Ba3 Qc7 20.Rad1 Bf8 21.Bb2 Qa5 22.a3 Ng5
23.b4 Qd8 24.h3 Nf6 25.e5 Bf5 26.e4 Nfxe4 27.g4 Nxc3 28.Qxc3 Bd7 29.exd6 Bg7
30.Rxe8+ Qxe8 31.Re1 Ne6 32.c5 Qf8 33.Qd2 Bh6 34.Qf2 Re8 35.d5 cxd5 36.Bxd5 Nf4
37.Qd4 Qg7 38.Qxg7+ Bxg7 39.Rxe8+ Bxe8 40.Bxg7 Nxd5 41.Bd4 f6 42.Kf2 Kf7
43.Nd2 Nf4 44.h4 Bc6 45.Nf3 a6 46.g5 f5 47.Ne5+ Ke6 48.Nxc6 bxc6 49.Kf3 Nd5
50.Be5 Kf7 51.Ke2 Ke6 52.Kd2 Kf7 53.Kd3 Ke6 54.Kd4 Kd7 55.Bh2 Ke6 56.Bg3 Kf7
57.Be1 Nf4 58.Bd2 Nh5 59.Ke5 Ng3 60.a4 Ne4 61.Be3 Nc3 62.Bd4 Nxa4 63.h5  1-0

[Event "St Petersburg op2"]
[Site "St Petersburg"]
[Date "1994.??.??"]
[Round "3"]
[White "Matveeva, Svetlana"]
[Black "Kovalevskaya, Ekaterina"]
[Result "1/2-1/2"]
[WhiteElo "2450"]
[BlackElo "2290"]

1.d4 Nf6 2.c4 d6 3.Nf3 g6 4.g3 Bg7 5.Bg2 O-O 6.Nc3 Nbd7 7.O-O e5 8.e4 exd4
9.Nxd4 Re8 10.h3 Nc5 11.Re1 a5 12.b3 c6 13.Rb1 h6 14.Kh2 a4 15.b4 Ne6 16.Be3 Nxd4
17.Bxd4 Be6 18.Bf1 c5 19.bxc5 dxc5 20.Bxc5 Ng4+ 21.hxg4 Bxc3 22.Qxd8 Raxd8
23.Rec1 Bd2 24.Rc2 Bxg4 25.Rxb7 Bd1 26.Rcb2 Bc3 27.R2b6 Bf3 28.Bg2 Bxe4 29.Re7  1/2-1/2

[Event "St Petersburg op"]
[Site "St Petersburg"]
[Date "1994.??.??"]
[Round "3"]
[White "Vaulin, Alexander"]
[Black "Avrukh, Boris"]
[Result "0-1"]
[WhiteElo "2560"]
[BlackElo "2425"]

1.c4 Nf6 2.g3 g6 3.Bg2 Bg7 4.d4 d6 5.Nf3 O-O 6.O-O Nc6 7.Nc3 a6 8.d5 Na5
9.b3 c5 10.dxc6 bxc6 11.Bd2 Rb8 12.Qc1 Re8 13.c5 Nd7 14.cxd6 exd6 15.Rd1 d5
16.Bh6 Bh8 17.Bg5 Qb6 18.Be3 Qb4 19.Bd4 Nf6 20.Qf4 Bf5 21.Rac1 Nb7 22.Be5 Qxf4
23.gxf4 Rbc8 24.Na4 Nd7 25.Bxh8 Kxh8 26.Nd4 Na5 27.e3 Bg4 28.Rd2 c5 29.Rdc2 Nc4
30.Nf3 Na3 31.Rd2 d4 32.exd4 cxd4 33.Rxc8 Rxc8 34.h3 Rc1+ 35.Kh2 Bxf3 36.Bxf3 Nb5
37.Bb7 Nb8 38.Nb6 Rc7 39.Bf3 Rc3 40.Kg2 Kg7 41.Nd5 Nc6 42.Nxc3 dxc3 43.Rd5 Nb4
44.Rc5 Nd3 45.Rxb5 c2 46.Rc5 Nxc5  0-1

[Event "St Petersburg op"]
[Site "St Petersburg"]
[Date "1994.??.??"]
[Round "4"]
[White "Frolov, Y."]
[Black "Kochyev, Alexander"]
[Result "0-1"]
[WhiteElo "2320"]
[BlackElo "2475"]

1.Nf3 Nf6 2.c4 g6 3.d4 Bg7 4.g3 O-O 5.Bg2 d6 6.O-O Nbd7 7.Nc3 e5 8.h3 c6
9.e4 a5 10.Be3 a4 11.Qc2 Qa5 12.Rfd1 exd4 13.Bxd4 Ne5 14.Nxe5 dxe5 15.Be3 Be6
16.Bf1 Rfc8 17.Bd2 Qa6 18.b3 axb3 19.axb3 Qxa1 20.Rxa1 Rxa1 21.Qb2 Raa8 22.Na4 Nxe4
23.Bb4 Rd8 24.Bg2 Ng5 25.Be7 Rd1+ 26.Kh2 h6 27.h4 Nh7 28.Qe2 Rd4 29.Bc5 Rdd8
30.Bb6 Re8 31.Nc5 Nf6 32.Nxe6 Rxe6 33.Bh3 Ree8 34.Kg2 h5 35.Qd2 Bf8 36.Qg5 Ne4
37.Qe3 f5 38.Kh2 Ra2 39.Bg2 Nxf2 40.Qc1 Ng4+ 41.Kh3 c5 42.b4 e4 43.bxc5 e3
44.c6 e2 45.Qb1 e1=Q 46.Qxa2 Re2 47.Qxe2 Qxe2 48.c7 Qxc4 49.Bxb7 Qc2  0-1

[Event "St Petersburg op2"]
[Site "St Petersburg"]
[Date "1994.??.??"]
[Round "5"]
[White "Matveeva, Svetlana"]
[Black "Frolov, Denis"]
[Result "1-0"]
[WhiteElo "2450"]
[BlackElo "2365"]

1.d4 Nf6 2.c4 g6 3.Nf3 Bg7 4.g3 d6 5.Bg2 O-O 6.Nc3 Nbd7 7.O-O e5 8.e4 exd4
9.Nxd4 Nc5 10.h3 Re8 11.Re1 a5 12.b3 h6 13.Rb1 Ne6 14.Ndb5 Bd7 15.e5 dxe5
16.Bxb7 Rb8 17.Bg2 Nd4 18.Ba3 Bf5 19.Rc1 h5 20.Nxd4 exd4 21.Rxe8+ Nxe8 22.Nd5 Nd6
23.Qe1 Qd7 24.Qxa5 c6 25.Qc5 Nc8 26.Nf4 Na7 27.Bb2 Rd8 28.Rd1 h4 29.Kh2 hxg3+
30.fxg3 Bc2 31.Rd2 Bb1 32.Ba1 Kh7 33.Ne2 d3 34.Bxg7 Kxg7 35.Nc3 Bc2 36.Ne4 Re8
37.Qf2 Qe7 38.Qd4+ f6 39.b4 Rd8 40.Qc3 Qe5 41.Qxe5 fxe5 42.Nc5 Kf6 43.Be4 Rd4
44.Rf2+ Ke7 45.Bxg6 Rxc4 46.Rf7+ Kd8 47.Nb7+  1-0

[Event "St Petersburg op"]
[Site "St Petersburg"]
[Date "1994.??.??"]
[Round "6"]
[White "Aseev, Konstantin N"]
[Black "Starosek, Konstantin"]
[Result "1-0"]
[WhiteElo "2545"]
[BlackElo "2465"]

1.d4 Nf6 2.Nf3 g6 3.c4 Bg7 4.g3 O-O 5.Bg2 d6 6.O-O Nbd7 7.Nc3 e5 8.e4 c6
9.h3 exd4 10.Nxd4 Re8 11.Re1 a5 12.Bf4 Ne5 13.b3 Nfd7 14.Be3 Nc5 15.Qc2 a4
16.Rab1 axb3 17.axb3 Ned3 18.Red1 Nb4 19.Qd2 Qa5 20.g4 Na2 21.Nxa2 Qxa2 22.Qc3 Qa7
23.Qc2 Qa2 24.Rb2 Qa3 25.Rbb1 Qa2 26.Rb2 Qa3 27.Bc1 Qb4 28.Bd2 Qb6 29.Be3 Qb4
30.Bd2 Qb6 31.Bc3 Ra3 32.Rbb1 Bd7 33.Qb2 Ra6 34.Ne2 Be5 35.Nd4 Rea8 36.Qd2 Ra2
37.Qc1 Ne6 38.Qe3 Nf4 39.Bf1 Re8 40.Qf3 h5 41.gxh5 Nxh5 42.Ne2 Be6 43.Bd4 Qc7
44.Be3 Qe7 45.Nc1 Raa8 46.Nd3 Bg7 47.Bg2 Qh4 48.Nf4 Nxf4 49.Qxf4 Qxf4 50.Bxf4 Be5
51.Be3 Red8 52.Rd3 Ra3 53.Rbd1 b5 54.cxb5 cxb5 55.f4 Bg7 56.b4 Rxd3 57.Rxd3 Bc4
58.Rd1 Bf8 59.Bb6 Rd7 60.Kf2 d5 61.Ba5 d4 62.e5 d3 63.Bc6 Re7 64.Be4 Rd7
65.Bc6 Re7 66.Kf3 Ra7 67.Ke3 Bh6 68.h4 Re7 69.Kf3 Ra7 70.Be4 Rd7 71.Bb6 Bf8
72.Bc5 Bxc5 73.bxc5 Rc7 74.c6 b4 75.Ke3 Bb5 76.Rb1 Rc8 77.Rxb4 Bxc6 78.Bxd3 Bd7
79.Rd4 Rc7 80.h5 gxh5 81.f5 Kg7 82.Kf4 f6 83.e6 Be8 84.Rd8 Re7 85.Rc8 Kh6
86.Be4 Kg7 87.Bf3 Kh6 88.Rb8 Kg7 89.Kg3 Bg6 90.fxg6 Rxe6 91.Bxh5 Re5 92.Rb7+ Kh6
93.Rh7+ Kg5 94.g7 Re3+ 95.Kf2  1-0

[Event "St Petersburg op2"]
[Site "St Petersburg"]
[Date "1994.??.??"]
[Round "7"]
[White "Skomorokhin, Roman"]
[Black "Kovalevskaya, Ekaterina"]
[Result "1-0"]
[WhiteElo "2425"]
[BlackElo "2290"]

1.d4 Nf6 2.c4 d6 3.g3 g6 4.Bg2 Bg7 5.Nf3 O-O 6.O-O Nbd7 7.Qc2 e5 8.Rd1 Qe7
9.Nc3 c6 10.b3 Re8 11.e4 exd4 12.Nxd4 Nc5 13.f3 Nfd7 14.Rb1 a5 15.a3 Ne5
16.h3 a4 17.Nxa4 Nxa4 18.bxa4 Qc7 19.Be3 Qa5 20.f4 Nd7 21.Nb3 Qxa4 22.Rxd6 Qxa3
23.Rbd1 Nf8 24.e5 Be6 25.Bf2 Qa4 26.Bf1 b5 27.Ra1 Qxa1 28.Nxa1 Rxa1 29.cxb5 cxb5
30.Rd1 Rxd1 31.Qxd1 b4 32.g4 f6 33.f5 gxf5 34.gxf5 Bf7 35.e6 Nxe6 36.fxe6 Bxe6
37.Qe1 Kh8 38.Qxb4 Rg8 39.Kh2 Rc8 40.Bd3 Bg8 41.Bd4 Ra8 42.Qd6 Ra2+ 43.Kg1 Ra8
44.h4 Bf7 45.Bxf6 Rg8 46.Kf2 Re8 47.Qd4 Rg8 48.h5 Bxh5 49.Bxg7+ Rxg7 50.Qd8+ Rg8
51.Qf6+ Rg7 52.Bc4  1-0

[Event "St Petersburg op"]
[Site "St Petersburg"]
[Date "1994.??.??"]
[Round "9"]
[White "Kochyev, Alexander"]
[Black "Chuprov, A."]
[Result "1-0"]
[WhiteElo "2475"]
[BlackElo "2410"]

1.Nf3 Nf6 2.c4 g6 3.d4 Bg7 4.g3 O-O 5.Bg2 d6 6.O-O Nbd7 7.Nc3 e5 8.e4 c6
9.Rb1 Qb6 10.b3 exd4 11.Nxd4 Re8 12.Nde2 Qc7 13.Bf4 Ne5 14.h3 Be6 15.Be3 Rad8
16.f4 Ned7 17.Bf2 Nb6 18.Rc1 Bc8 19.g4 Nbd7 20.Ng3 h6 21.Qd2 Nf8 22.Rfd1 b6
23.b4 Bb7 24.b5 Ne6 25.bxc6 Bxc6 26.Nd5 Qb7 27.Re1 Nd7 28.h4 b5 29.Rb1 Nec5
30.g5 hxg5 31.hxg5 Bxd5 32.cxd5 Na4 33.e5 dxe5 34.f5 Ndb6 35.fxg6 fxg6 36.d6 Qd7
37.Ne4 Rf8 38.Rbd1 Nc4 39.Qd5+ Rf7 40.Rd3 Nab6 41.Bxb6 Nxb6 42.Qb3 Nc4 43.Bh3 Rf5
44.Bxf5 gxf5 45.Nf6+ Bxf6 46.gxf6 Kf8 47.Rh3 Qxd6 48.Qxb5 Qd4+ 49.Kh1 Qg4
50.Qc5+ Nd6 51.Rh8+ Kf7 52.Qc7+ Ke6 53.Qe7+ Kd5 54.Qxe5+ Kc6 55.Qc3+ Nc4
56.Rxd8  1-0

[Event "Rilton Cup9495"]
[Site "Stockholm"]
[Date "1994.??.??"]
[Round "6"]
[White "Engqvist, Thomas"]
[Black "Ornstein, Axel"]
[Result "0-1"]
[WhiteElo "2415"]
[BlackElo "2440"]

1.d4 Nf6 2.c4 g6 3.Nf3 Bg7 4.g3 O-O 5.Bg2 d6 6.O-O Nbd7 7.Nc3 e5 8.h3 c6
9.e4 a5 10.Rb1 exd4 11.Nxd4 Nc5 12.Bf4 Re8 13.Re1 a4 14.Nc2 Nfd7 15.Bxd6 a3
16.e5 axb2 17.f4 Qa5 18.Qd4 f6 19.Rxb2 fxe5 20.fxe5 Ne6 21.Qe3 Nxe5 22.Bxe5 Nf8
23.Bd5+ cxd5 24.Qd4 Rxe5 25.Rxe5 Qc7 26.Qxd5+ Be6 27.Rxe6 Qxg3+ 28.Qg2 Qxg2+
29.Kxg2 Nxe6 30.Rb6 Nc5 31.Nd5 Rxa2 32.Nb4 Rb2 33.Kf3 Rb3+ 34.Ne3 Na4 35.Rb5 Nc3
36.Rxb7 Nd1 37.Nd5 Rxb7 38.Nxd1 Kf7 39.Ke4 Rb1 40.Nf2 Rc1 41.Kd3 Bf8 42.Ne4 h6
43.Nf4 g5 44.Nd5 Ke6 45.Ne3 Ra1 46.Nc2 Rh1 47.Nf2  0-1

[Event "Stockholm op2"]
[Site "Stockholm"]
[Date "1994.??.??"]
[Round "7"]
[White "Larsen, Kenneth"]
[Black "Remlinger, Larry"]
[Result "0-1"]
[WhiteElo "2340"]
[BlackElo "2425"]

1.d4 Nf6 2.c4 g6 3.g3 Bg7 4.Bg2 O-O 5.Nf3 d6 6.Nc3 Nbd7 7.O-O e5 8.e4 exd4
9.Nxd4 Re8 10.h3 a6 11.Rb1 Rb8 12.g4 h6 13.b3 c5 14.Nde2 b5 15.cxb5 axb5
16.Bf4 Ne5 17.a4 bxa4 18.bxa4 Ba6 19.Nb5 h5 20.g5 Nh7 21.Nec3 Nc4 22.Qd3 Na3
23.Rbd1 Qa5 24.Rfe1 Be5 25.Bxe5 dxe5 26.Nd5 Nxb5 27.axb5 Bxb5 28.Qe3 Bc4
29.Rc1 Rb3  0-1

[Event "SVK-chT"]
[Site "?"]
[Date "1994.??.??"]
[Round "?"]
[White "Husek, Zdenek"]
[Black "Lipka, Juraj"]
[Result "1-0"]
[WhiteElo "2255"]
[BlackElo "2310"]

1.d4 Nf6 2.c4 g6 3.Nf3 Bg7 4.g3 O-O 5.Bg2 d6 6.O-O Nbd7 7.Nc3 e5 8.Bg5 h6
9.Be3 exd4 10.Bxd4 c5 11.Be3 Nb6 12.b3 Ng4 13.Bd2 Be6 14.Rc1 Qe7 15.a4 Rad8
16.e4 Nd7 17.Nb5 a6 18.Nc3 Nde5 19.Ne1 Nf6 20.Nd5 Bxd5 21.exd5 Rfe8 22.Ba5 Rb8
23.Nd3 b6 24.Nxe5 Qxe5 25.Re1 Qf5 26.Rxe8+ Nxe8 27.Bc3 Nf6 28.Qf3 Qxf3 29.Bxf3 Nd7
30.Bd2 h5 31.Re1 Ne5 32.Be2 a5 33.h3 Kf8 34.Kg2 Re8 35.Bf4 Bf6 36.Bd1 Bg7
37.Bc2 Re7 38.Bg5 Re8 39.f4 Nd7 40.Rxe8+ Kxe8 41.f5 Ne5 42.Bf4 Ke7 43.h4 gxf5
44.Bxf5 Ng6 45.Be3 Ne5 46.Bc2 Ng4 47.Bf4 Be5 48.Kf3 Nf6 49.Bf5 Bc3 50.Be3 Be5
51.Bg5 Kf8 52.g4 hxg4+ 53.Bxg4 Ke8 54.h5 Kf8 55.Bf5 Nxh5 56.Bd8 Nf6 57.Ke3 Kg7
58.Kd2 Bf4+ 59.Kc2 Bg3 60.Bxb6 Be1 61.Bd8 Ne8 62.Kd3 Kf8 63.Ke4 Bc3 64.Kf4 Be5+
65.Kg4 Bc3 66.Bd7 Bd2 67.Kf5 Bc3 68.Bg5 Be5 69.Bxe8 Kxe8 70.Bd2 Kd7 71.Bxa5 Kc8
72.Be1 Kb7 73.Bh4 Ka6 74.Bd8 Kb7 75.Bf6 Bg3 76.Bc3 Bh4 77.Bd2 Be7  1-0

[Event "SVK-chT"]
[Site "?"]
[Date "1994.??.??"]
[Round "14"]
[White "Konopka, Michal"]
[Black "Pasko, Peter"]
[Result "1-0"]
[WhiteElo "2425"]
[BlackElo "2220"]

1.Nf3 Nf6 2.c4 g6 3.g3 Bg7 4.Bg2 d6 5.d4 O-O 6.O-O c5 7.dxc5 dxc5 8.Nc3 Nc6
9.Be3 Qa5 10.Bd2 Bd7 11.Nd5 Qd8 12.Bc3 Nxd5 13.cxd5 Na5 14.Bxg7 Kxg7 15.Qd2 Rc8
16.e4 b5 17.Rad1 Bg4 18.b3 Nb7 19.e5 f6 20.Qf4 Bxf3 21.Bxf3 fxe5 22.Qxe5+ Rf6
23.Bg4 Rc7 24.Be6 Qd6 25.Qe2 c4 26.bxc4 Rxc4 27.a4 Qc5 28.axb5 Rc2 29.Rd2 Rxd2
30.Qxd2 Qxb5 31.Re1 Qc5 32.Rc1 Qb6 33.g4 h6 34.h4 Nd6 35.g5 hxg5 36.hxg5 Rf8
37.Qc3+ Kh7 38.Qh3+  1-0

[Event "SWZ-chT"]
[Site "SWZ"]
[Date "1994.??.??"]
[Round "2"]
[White "Miralles, Gilles"]
[Black "Vogt, Lothar"]
[Result "1-0"]
[WhiteElo "2470"]
[BlackElo "2490"]

1.d4 Nf6 2.c4 d6 3.Nf3 g6 4.g3 Bg7 5.Bg2 O-O 6.O-O Nbd7 7.Nc3 e5 8.Qc2 exd4
9.Nxd4 Nb6 10.Na4 c5 11.Nb5 a6 12.Nxb6 Qxb6 13.Nc3 Be6 14.Rd1 Rad8 15.Bf4 Rfe8
16.Rac1 Ng4 17.Qb3 Qxb3 18.axb3 b5 19.cxb5 axb5 20.Nxb5 Bxb3 21.Rd2 Be5 22.Nxd6 Bxf4
23.gxf4 Re6 24.Ne4 Rxd2 25.Nxd2 c4 26.Bf3 Nf6 27.Nxc4 Re8 28.Nd6 Re6 29.Nc4 Re8
30.Nd2 Be6 31.e3 Rb8 32.b3 Rd8 33.Rc2 Nd5 34.Nc4 Nb4 35.Rd2 Rb8 36.Bd1 Na6
37.Na5 Rb6 38.Be2 Nc5 39.Bc4 Bxc4 40.bxc4 Ne4 41.Rd8+ Kg7 42.Rd4 f5 43.Rd7+ Kf6
44.Rb7 Ra6 45.Rb5 Ke6 46.f3 Nd6 47.Re5+ Kf6 48.Kf2 g5 49.Kg3 h5 50.Rd5 Ke6
51.Re5+ Kf6 52.Rd5 Ke6 53.Rc5 g4 54.Nb3 h4+ 55.Kxh4 gxf3 56.Nd4+ Kf6 57.Nxf3 Ra3
58.Nd4  1-0

[Event "SWZ-chT"]
[Site "SWZ"]
[Date "1994.??.??"]
[Round "3"]
[White "Robert, Antonin"]
[Black "Weindl, Alfred"]
[Result "1/2-1/2"]
[WhiteElo "2220"]
[BlackElo "2360"]

1.d4 Nf6 2.Nf3 g6 3.c4 Bg7 4.g3 O-O 5.Bg2 d6 6.O-O Nbd7 7.Qc2 e5 8.Rd1 Re8
9.dxe5 dxe5 10.e4 c6 11.h3 Qe7 12.Be3 Nh5 13.Nc3 Nf8 14.c5 Kh8 15.b4 f5 16.exf5 gxf5
17.Bg5 Qf7 18.Qd2 Qc4 19.Ne2 a5 20.a3 Nf6 21.Rac1 Qg8 22.Nc3 axb4 23.axb4 Ng6
24.Nh4 Nxh4 25.Bxh4 e4 26.Qf4 Ra3 27.Rd6 Nh5 28.Qg5 Qf7 29.Nb1 Rb3 30.Rcd1 Be6
31.Qd2 Nf6 32.Rd8 Nd5 33.Rxe8+ Qxe8 34.g4 e3 35.fxe3 fxg4 36.e4 Ne3 37.Qd8 Qxd8
38.Rxd8+ Bg8 39.Nd2 Rb2 40.hxg4 Bc3 41.Bh3 h5 42.Rd3 Rxd2 43.Rxc3 Nxg4 44.Ra3 Bh7
45.Bxg4 hxg4 46.Rg3 Bxe4 47.Rxg4 Bd5 48.Bf6+ Kh7 49.Rg7+ Kh6 50.Rxb7 Kg6
51.Bc3 Rg2+ 52.Kf1 Rc2 53.Bd4 Kf5 54.Rb8 Ke4 55.Bf2 Rb2 56.Re8+ Kd3 57.Re3+ Kc4
58.Be1 Kb5 59.Rg3  1/2-1/2

[Event "SWZ-chT"]
[Site "SWZ"]
[Date "1994.??.??"]
[Round "6"]
[White "Sutter, Oliver"]
[Black "Horn, Pascal"]
[Result "0-1"]
[WhiteElo "2260"]
[BlackElo "2200"]

1.d4 Nf6 2.Nf3 g6 3.c4 Bg7 4.g3 O-O 5.Bg2 d6 6.O-O Nbd7 7.Nc3 e5 8.e4 a6
9.Re1 Re8 10.Rb1 exd4 11.Nxd4 Ne5 12.b3 Bd7 13.h3 Qc8 14.Kh2 Nc6 15.Nde2 b5
16.cxb5 axb5 17.a3 Re5 18.Bb2 Rh5 19.Nf4 Rh6 20.Ncd5 Nxd5 21.Bxg7 Nxf4 22.Bxh6 Nxg2
23.Qf3 Qd8 24.Kxg2 Rxa3 25.Qc3 f6 26.Bc1 Ra8 27.Bb2 Kg7 28.Ra1 Rxa1 29.Rxa1 Qe7
30.f3 Ne5 31.Ra7 c5 32.Qd2 Bxh3+ 33.Kxh3 Qxa7 34.Qxd6 Qd7+ 35.Qxd7+ Nxd7
36.f4 Kf7 37.Kg4 Nb6 38.Kf3 Ke6 39.Ke3 c4 40.b4 f5 41.Bd4 Nd7 42.e5 Kd5 43.Ba7 Nf8
44.Bd4 Ne6 45.Bb2 h6 46.Bc3 g5 47.fxg5 hxg5 48.Bb2 Nf8 49.Kf3 Ng6  0-1

[Event "Wch U18"]
[Site "Szeged"]
[Date "1994.??.??"]
[Round "3"]
[White "Ruck, Robert"]
[Black "Colovic, Aleksandar"]
[Result "1-0"]
[WhiteElo "2420"]
[BlackElo "2260"]

1.c4 g6 2.g3 Bg7 3.d4 Nf6 4.Bg2 O-O 5.Nf3 d6 6.O-O Nbd7 7.d5 Nc5 8.Nd4 e5
9.dxe6 Nxe6 10.Nxe6 Bxe6 11.Bxb7 Bxc4 12.Bxa8 Qxa8 13.Nc3 Nd7 14.Bf4 Re8
15.Re1 Nc5 16.Rc1 a5 17.b3 Ba6 18.Nd5 Qc6 19.e4 Re6 20.f3 Qb7 21.Be3 Re8
22.Rc2 c6 23.Nf4 Be5 24.Qd2 g5 25.Bxc5 dxc5 26.Ng2 Bd4+ 27.Kh1 h6 28.Ne3 Kh7
29.Nf5 Qb6 30.Rec1 Re6 31.Rd1 Bf6 32.Qd7 Kg6 33.Rd6 Rxd6 34.Nxd6 g4 35.Qxf7+  1-0